000 00345nam a2200133 i 4500
001 bg
100 1 _aKRAMARZ, Jerzy
245 0 _aRównowagi chemiczne złożonych reakcji konwersji węglowodorów /
_cJerzy Kramarz.
260 _aKraków,
_c1981.
040 _cBPK
041 _apol
942 _cKS
008 s pl f |000 0 pol
999 _c20342
_d20342
856 _uhttp://koha.tu.koszalin.pl/cgi-bin/koha/opac-detail.pl?biblionumber=20342
_yKatalog online BPK